| 000 | 01622cam a22004574i 4500 | ||
|---|---|---|---|
| 003 | PE-LiUPU | ||
| 005 | 20250731173152.0 | ||
| 008 | 150623s r 000 0 d | ||
| 020 | _a0825416582 | ||
| 035 | _a(Sirsi) i9780825416583 | ||
| 040 |
_aPE-LiUPU _bspa _cPE-LiUPU _erda |
||
| 049 | _aPRUA | ||
| 082 | 0 | 4 |
_a220.7 _bCBP _221 |
| 100 | 1 |
_aSchultz, Samuel J., _eautor. |
|
| 245 | 1 | 0 |
_aDeuteronomio : _bEl evangelio del amor / _cSamuel J. Schultz. |
| 264 | 1 |
_aGrand Rapids, MI : _bPortavoz, _c1990. |
|
| 300 |
_a107 páginas ; _c18 centímetros. |
||
| 336 |
_atext _2rdacontent |
||
| 337 |
_aunmediated _2rdamedia |
||
| 338 |
_avolume _2rdacarrier |
||
| 490 | 0 |
_aComentario Biblico Portavoz ; _v5 |
|
| 504 | _aIncluye bibliografia. | ||
| 505 | 0 | _aLecciones de la historia (1:1-4:49). - La relacion de amor (5:1-11:32). - Instrucciones para la vida practica de un pueblo relacionado con Dios (12:1-26:19). - Las alternativas del pueblo de Dios (27:-30:20). - La transicion de Moisés a Josué (31:1-34:12). | |
| 526 | _aSEG42 | ||
| 526 | _aSEG41 | ||
| 526 | _aSEG40 | ||
| 526 | _aSEG39 | ||
| 526 | _aP94 | ||
| 526 | _aP87 | ||
| 526 | _aP86 | ||
| 526 | _aP85 | ||
| 526 | _aP77 | ||
| 526 | _aP76 | ||
| 526 | _aP35 | ||
| 630 |
_aBiblia. _pA.T. _pDeuteronomio _xCrítica, interpretación, etc.. |
||
| 700 | 1 |
_aFlores Espinosa, José, _etraductor. |
|
| 942 |
_2ddc _cBK |
||
| 949 |
_a220.7 CBP 5 _wDEWEY _c1 _i55011 _lCCODEBUL1 _mBUL _r0 _sY _tBOOK _u2015-6-24 _xTEOLOGIA _0COMPRA _o.STAFF. Colección General |
||
| 999 |
_c35479 _d35479 |
||
| 980 |
_81 _gALBERTO SANCHEZ Responsable de Automatización |
||